[Event "Bangkok Big Rook op 4th"]
[Site "Bangkok"]
[Date "2024.05.02"]
[Round "3"]
[White "Amilal, Munkhdalai"]
[Black "Ly, Moulthun"]
[Result "1/2-1/2"]
[WhiteElo "2364"]
[BlackElo "2473"]
[PlyCount "113"]
[EventDate "2024.05.01"]
[EventType "swiss"]
[EventRounds "9"]
[EventCountry "THA"]
[SourceTitle "CBM 220 Extra"]
[Source "ChessBase"]
[SourceDate "2024.07.31"]
[SourceVersion "1"]
[SourceVersionDate "2024.07.31"]
[SourceQuality "1"]

1. e4 c6 2. Nc3 d5 3. Nf3 Bg4 4. h3 Bxf3 5. Qxf3 e6 6. d3 Nd7 7. Bd2 Bc5 8. g3 Ne7 9. Bg2 0-0 10. Qe2 Qc7 11. Bf4 Qb6 12. Nd1 Ng6 13. Be3 f5 14. Bxc5 Qxc5 15. f4 dxe4 16. dxe4 e5 17. exf5 exf4 18. Nc3 Rae8 19. Be4 fxg3 20. 0-0-0 Nge5 21. Rhg1 Nf6 22. Rxg3 Nc4 23. Rdg1 Qb4 24. b3 Nd6 25. Qg2 Kh8 26. Rd3 Re7 27. Bf3 Qf4+ 28. Kb2 Nxf5 29. Rf1 Ne3 30. Qd2 Qe5 31. Rf2 Rfe8 32. a4 h6 33. Ka2 Nf5 34. Re2 Qc5 35. Rd8 Rxd8 36. Qxd8+ Kh7 37. Rxe7 Qxe7 38. Qd3 g6 39. Ne4 Nd5 40. c3 Qe5 41. Ka3 Ng3 42. Nc5 b6 43. Na6 Qe7+ 44. b4 Nf4 45. Qc4 Qf6 46. Bxc6 Nfe2 47. Kb2 Qf1 48. Qd3 Qxh3 49. Nc7 Qf5 50. Qe3 h5 51. Qe7+ Kh6 52. Ne6 Qe5 53. Qf8+ Kh7 54. Qf7+ Kh6 55. Qf8+ Kh7 56. Qf7+ Kh6 57. Qf8+ 1/2-1/2

[Event "Bangkok Big Rook op 4th"]
[Site "Bangkok"]
[Date "2024.05.02"]
[Round "4"]
[White "Ly, Moulthun"]
[Black "Concio, Michael Jr"]
[Result "1-0"]
[WhiteElo "2473"]
[BlackElo "2383"]
[PlyCount "160"]
[EventDate "2024.05.01"]
[EventType "swiss"]
[EventRounds "9"]
[EventCountry "THA"]
[SourceTitle "CBM 220 Extra"]
[Source "ChessBase"]
[SourceDate "2024.07.31"]
[SourceVersion "1"]
[SourceVersionDate "2024.07.31"]
[SourceQuality "1"]

1. e4 e5 2. Nf3 Nc6 3. Bb5 Nf6 4. d3 d6 5. 0-0 Bd7 6. c3 g6 7. Re1 Bg7 8. Nbd2 0-0 9. Ba4 Rb8 10. Nf1 h6 11. h3 b5 12. Bb3 Na5 13. Bc2 c5 14. d4 Qc7 15. b3 Rfd8 16. Ne3 Bc6 17. d5 Bd7 18. Nh2 Nb7 19. c4 Rf8 20. Bd2 Nd8 21. cxb5 Bxb5 22. Rc1 Qb7 23. Bb1 Qa6 24. Rc3 Nh5 25. Nf5 Nf4 26. Bxf4 exf4 27. Nxg7 Kxg7 28. Qg4 Qa5 29. Rec1 Qc7 30. Qxf4 Qe7 31. Ng4 g5 32. Qg3 Rb6 33. Ne3 Bd7 34. Nc4 Ra6 35. e5 dxe5 36. Nxe5 Rf6 37. Nxd7 Qxd7 38. Rxc5 Qd6 39. Qd3 Rh8 40. g3 Qe5 41. Qc3 Re8 42. Qxe5 Rxe5 43. Kf1 Nb7 44. Rc7 Nd6 45. Rd1 Re3 46. Rd3 Re5 47. Rd2 Nb5 48. Rc5 Rb6 49. Bd3 Nd6 50. Re2 Kf6 51. f4 gxf4 52. gxf4 Rh5 53. Kg2 Rb8 54. Re3 Rd8 55. Ra5 Rg8+ 56. Kf2 Rh4 57. Rf3 Rh5 58. Ke3 Rd8 59. Kd4 Nc8 60. Rc5 Ne7 61. Be4 Nc8 62. Rc6+ Kg7 63. Rg3+ Kf8 64. Rc5 Nd6 65. Bd3 Nb7 66. Rb5 Nd6 67. Ra5 Nb7 68. Rxa7 Rhxd5+ 69. Kc3 Nc5 70. Bh7 Nd7 71. Rg8+ Ke7 72. Rxd8 Kxd8 73. Be4 Rh5 74. Kd4 Rh4 75. Bc6 Nb8 76. Bb5 Rxf4+ 77. Ke5 Rh4 78. Rxf7 Rh5+ 79. Kd6 Kc8 80. Be2 Kd8 1-0

[Event "Bangkok Big Rook op 4th"]
[Site "Bangkok"]
[Date "2024.05.01"]
[Round "2"]
[White "Ly, Moulthun"]
[Black "Baba, Masahiro"]
[Result "1-0"]
[WhiteElo "2473"]
[BlackElo "2173"]
[PlyCount "65"]
[EventDate "2024.05.01"]
[EventType "swiss"]
[EventRounds "9"]
[EventCountry "THA"]
[SourceTitle "CBM 220 Extra"]
[Source "ChessBase"]
[SourceDate "2024.07.31"]
[SourceVersion "1"]
[SourceVersionDate "2024.07.31"]
[SourceQuality "1"]

1. e4 c5 2. Nf3 d6 3. d4 cxd4 4. Qxd4 Nc6 5. Bb5 Bd7 6. Bxc6 Bxc6 7. c4 f5 8. exf5 Qa5+ 9. Nbd2 Qxf5 10. 0-0 e5 11. Qe3 Be7 12. b4 Nf6 13. b5 Bxf3 14. Nxf3 Qe4 15. Qb3 Nd7 16. Re1 Qg6 17. Ba3 0-0-0 18. Nd2 Nc5 19. Bxc5 dxc5 20. Nf1 Rd3 21. Qa4 Kb8 22. Ne3 e4 23. Rad1 Rf8 24. Rxd3 exd3 25. Nd5 Qf5 26. f3 d2 27. Rxe7 Qb1+ 28. Kf2 d1Q 29. Rxb7+ Kc8 30. Rc7+ Kd8 31. Rc8+ Kxc8 32. Qa6+ Kd7 33. Qc6+ 1-0

[Event "Chiang Mai op 20th"]
[Site "Chiangmai"]
[Date "2022.10.28"]
[Round "7.9"]
[White "Kamalsyah, Muhammad"]
[Black "Ly, Moulthun"]
[Result "0-1"]
[WhiteElo "2161"]
[BlackElo "2481"]
[PlyCount "101"]
[EventDate "2022.10.22"]
[EventType "swiss"]
[EventRounds "9"]
[EventCountry "THA"]
[SourceTitle "EXT 2024"]
[Source "ChessBase"]
[SourceDate "2023.10.10"]
[SourceVersion "1"]
[SourceVersionDate "2023.10.10"]
[SourceQuality "1"]

1. d4 Nf6 2. Nf3 g6 3. g3 Bg7 4. Bg2 0-0 5. 0-0 d6 6. c4 c6 7. Nc3 Qb6 8. h3 Qa6 9. Qb3 Nbd7 10. Be3 Nb6 11. Nd2 d5 12. c5 Nbd7 13. Qc2 b6 14. cxb6 axb6 15. b4 Bb7 16. a4 Rfc8 17. a5 Ne8 18. Qb2 Nd6 19. Rfc1 bxa5 20. Rxa5 Qb6 21. Na4 Qd8 22. Rxa8 Rxa8 23. Nc5 Bc8 24. Bf4 Qb6 25. Nxd7 Bxd7 26. Be5 Rb8 27. Qa2 Bxe5 28. dxe5 Nf5 29. e3 Nxe3 30. fxe3 Qxe3+ 31. Kh2 Rxb4 32. Rc2 Qxe5 33. Qa5 Rb8 34. Nf3 Qd6 35. Nd4 Rb4 36. Nxc6 Rb3 37. Nxe7+ Qxe7 38. Bxd5 Rb8 39. Rf2 Bf5 40. Qc3 h5 41. h4 Rd8 42. Qc4 Kg7 43. Re2 Qf6 44. Qc5 Bg4 45. Rc2 Bf5 46. Rc4 Be6 47. Bxe6 Rd2+ 48. Kg1 Qxe6 49. Rc1 Qe2 50. Qc3+ Kh7 51. Qc5 0-1

[Event "Chiang Mai op 20th"]
[Site "Chiangmai"]
[Date "2022.10.26"]
[Round "5.3"]
[White "Vaibhav, Suri"]
[Black "Ly, Moulthun"]
[Result "1-0"]
[WhiteElo "2610"]
[BlackElo "2481"]
[PlyCount "111"]
[EventDate "2022.10.22"]
[EventType "swiss"]
[EventRounds "9"]
[EventCountry "THA"]
[SourceTitle "EXT 2024"]
[Source "ChessBase"]
[SourceDate "2023.10.10"]
[SourceVersion "1"]
[SourceVersionDate "2023.10.10"]
[SourceQuality "1"]

1. d4 Nf6 2. c4 e6 3. Nf3 d5 4. Nc3 Bb4 5. Qa4+ Nc6 6. e3 0-0 7. Qc2 Re8 8. Bd2 a6 9. a3 Bf8 10. Be2 dxc4 11. Bxc4 h6 12. Ne4 Bd6 13. Bc3 Nd5 14. Ne5 Nxc3 15. Qxc3 Ne7 16. 0-0 b6 17. Rfd1 Bb7 18. Qc2 Nd5 19. Rac1 Qe7 20. Nf3 Rac8 21. Qd3 b5 22. Ba2 Nf6 23. Nxf6+ Qxf6 24. e4 e5 25. d5 Red8 26. Qe3 c5 27. dxc6 Bxc6 28. Bd5 Bxd5 29. Rxd5 Rxc1+ 30. Qxc1 Qe6 31. Qd1 Rc8 32. h3 Rc6 33. g3 g6 34. Kg2 Kg7 35. Qd3 Qf6 36. h4 h5 37. Qd2 Qe7 38. Ng5 Qc7 39. Qd1 Qe7 40. Rd3 f6 41. Nf3 Qe6 42. Ng1 Be7 43. Ne2 Rd6 44. Nc3 Rxd3 45. Qxd3 Bc5 46. Nd5 Bd4 47. Qc2 Qf7 48. Qc8 f5 49. Nc7 Qc4 50. Qd7+ Qf7 51. Ne6+ Kf6 52. Qxf7+ Kxf7 53. Nxd4 exd4 54. e5 Ke6 55. f4 Kd5 56. Kf2 1-0

[Event "Chiang Mai op 20th"]
[Site "Chiangmai"]
[Date "2022.10.25"]
[Round "4.1"]
[White "Ly, Moulthun"]
[Black "Cheng, Bobby Sky"]
[Result "1/2-1/2"]
[WhiteElo "2481"]
[BlackElo "2576"]
[PlyCount "39"]
[EventDate "2022.10.22"]
[EventType "swiss"]
[EventRounds "9"]
[EventCountry "THA"]
[SourceTitle "EXT 2024"]
[Source "ChessBase"]
[SourceDate "2023.10.10"]
[SourceVersion "1"]
[SourceVersionDate "2023.10.10"]
[SourceQuality "1"]

1. e4 c5 2. Nf3 d6 3. d4 cxd4 4. Nxd4 Nf6 5. Nc3 a6 6. Be3 e5 7. Nf3 Be7 8. Bc4 Be6 9. Bb3 Nbd7 10. 0-0 Rc8 11. Ng5 Bc4 12. Bxc4 Rxc4 13. Qd3 Qc7 14. Nf3 0-0 15. Nd2 Rc6 16. Bg5 Rc8 17. Nd5 Qd8 18. Bxf6 Nxf6 19. Nxf6+ Bxf6 20. c3 1/2-1/2

[Event "Chiang Mai op 20th"]
[Site "Chiangmai"]
[Date "2022.10.24"]
[Round "3"]
[White "Sabri, Mohd Saprin"]
[Black "Ly, Moulthun"]
[Result "0-1"]
[WhiteElo "1998"]
[BlackElo "2481"]
[PlyCount "60"]
[EventDate "2022.10.22"]
[EventType "swiss"]
[EventRounds "9"]
[EventCountry "THA"]
[SourceTitle "EXT 2024"]
[Source "ChessBase"]
[SourceDate "2023.10.10"]
[SourceVersion "1"]
[SourceVersionDate "2023.10.10"]
[SourceQuality "1"]

1. Nf3 d5 2. c4 d4 3. b4 c5 4. e3 dxe3 5. fxe3 cxb4 6. d4 e5 7. Nxe5 Bd6 8. Nf3 Nf6 9. Bd3 Nc6 10. 0-0 0-0 11. Bb2 Re8 12. Re1 Bg4 13. Nbd2 Bh5 14. Qc2 a5 15. g3 a4 16. Rab1 b3 17. axb3 Nb4 18. Qc3 a3 19. Ba1 Nxd3 20. Qxd3 Bb4 21. e4 Bxf3 22. Nxf3 a2 23. Rbd1 Bxe1 24. Rxe1 Nd7 25. d5 f6 26. Nd4 Qa5 27. Bc3 Nc5 28. Qf3 Rxe4 29. Rxe4 Nxe4 30. Bxa5 a1Q+ 0-1

[Event "Asia Nations online Cup final"]
[Site "Chess.com INT"]
[Date "2020.10.25"]
[Round "6.1"]
[White "Ly, Moulthun"]
[Black "Sasikiran, Krishnan"]
[Result "1/2-1/2"]
[WhiteElo "2484"]
[BlackElo "2647"]
[PlyCount "43"]
[EventDate "2020.10.23"]
[EventType "team-k.o. (rapid)"]
[EventRounds "6"]
[EventCountry "IND"]
[SourceTitle "CBM 199 Extra"]
[Source "ChessBase"]
[SourceDate "2021.01.31"]
[SourceVersion "1"]
[SourceVersionDate "2021.01.31"]
[SourceQuality "1"]
[WhiteTeam "Australia"]
[BlackTeam "India"]
[WhiteTeamCountry "AUS"]
[BlackTeamCountry "IND"]

1. e4 c5 2. Nf3 d6 3. d4 cxd4 4. Nxd4 Nf6 5. Nc3 a6 6. Be2 e5 7. Nf3 h6 8. Nd2 Be6 9. Nf1 Nbd7 10. Ne3 Rc8 11. 0-0 g6 12. Ned5 Bg7 13. f4 Bxd5 14. Nxd5 Nxd5 15. Qxd5 Qb6+ 16. Kh1 Nf6 17. Qd3 Qc6 18. fxe5 dxe5 19. c3 Rd8 20. Qg3 0-0 21. Bf3 Nxe4 22. Qh4 1/2-1/2

[Event "Asia Nations online Cup"]
[Site "Chess.com INT"]
[Date "2020.10.18"]
[Round "8.2"]
[White "Ganerdene, Sugar"]
[Black "Ly, Moulthun"]
[Result "1/2-1/2"]
[WhiteElo "2419"]
[BlackElo "2484"]
[PlyCount "237"]
[EventDate "2020.10.10"]
[EventType "team-swiss (rapid)"]
[EventRounds "9"]
[EventCountry "IND"]
[SourceTitle "CBM 198 Extra"]
[Source "ChessBase"]
[SourceDate "2020.11.30"]
[SourceVersion "1"]
[SourceVersionDate "2020.11.30"]
[SourceQuality "1"]
[WhiteTeam "Mongolia"]
[BlackTeam "Australia"]
[WhiteTeamCountry "MGL"]
[BlackTeamCountry "AUS"]

1. e4 c5 2. Nf3 a6 3. c3 d5 4. exd5 Qxd5 5. d4 Bg4 6. Be2 e6 7. 0-0 Nf6 8. Be3 Nbd7 9. h3 Bh5 10. c4 Qd6 11. Nc3 cxd4 12. Nxd4 Bxe2 13. Qxe2 Be7 14. Rfd1 Qc7 15. Rac1 0-0 16. Kh1 Rac8 17. b3 Rfd8 18. Bg5 Qa5 19. Bh4 Re8 20. Nf3 Nf8 21. Bxf6 Bxf6 22. Ne4 Be7 23. Rc2 Red8 24. Rcd2 h6 25. Rxd8 Rxd8 26. Rxd8 Qxd8 27. Qd2 Qxd2 28. Nexd2 Nd7 29. Kg1 f5 30. Kf1 Kf7 31. Ke2 e5 32. Nb1 Bf6 33. Ne1 Ke6 34. Nc3 e4 35. Nd5 Be5 36. f3 Nc5 37. fxe4 Nxe4 38. Nd3 g5 39. Ke3 Bd6 40. g4 Ng3 41. Kf3 h5 42. gxf5+ Nxf5 43. Nf2 Ke5 44. Nc3 Nh4+ 45. Ke2 Kf5 46. Nd5 Ng6 47. Kf3 Ne5+ 48. Kg2 Bc5 49. Nd1 Nd3 50. Kf3 g4+ 51. hxg4+ hxg4+ 52. Kg3 Bd6+ 53. Kg2 g3 54. N1e3+ Ke4 55. Nc2 Nc1 56. Nf6+ Kd3 57. Ne1+ Ke2 58. Nf3 Nxa2 59. Ne4 Bc7 60. Nc5 Nc1 61. Nd4+ Ke3 62. Nf5+ Kd2 63. Nxg3 Kc3 64. Nge4+ Kb4 65. Nxb7 Nxb3 66. c5 Kc4 67. Kf3 Kd5 68. Ke3 a5 69. Nxa5 Bxa5 70. Nf6+ Kxc5 71. Ke4 Kd6 72. Ng4 Bb6 73. Ne3 Ke6 74. Nc4 Nc5+ 75. Kf3 Bc7 76. Ne3 Ke5 77. Ng4+ Kd4 78. Ne3 Nd3 79. Nf5+ Ke5 80. Ne3 Nb2 81. Ng4+ Kd4 82. Ne3 Kd3 83. Nd5 Bd6 84. Nf4+ Kd4 85. Ne2+ Ke5 86. Nf4 Bc5 87. Ng6+ Kf5 88. Nf4 Nc4 89. Nd3 Bd6 90. Nf2 Ne5+ 91. Ke2 Bc7 92. Nd3 Ng4 93. Nf2 Ne5 94. Nd3 Nc4 95. Nf2 Kf4 96. Nd3+ Ke4 97. Nf2+ Kd4 98. Kf3 Nd2+ 99. Ke2 Nb1 100. Kf3 Nc3 101. Nh3 Ne4 102. Nf2 Ng5+ 103. Kg4 Nf7 104. Kf5 Ne5 105. Nh3 Nc4 106. Ng5 Kd5 107. Nf7 Ba5 108. Ng5 Bc7 109. Nf7 Bb8 110. Ng5 Be5 111. Nf3 Nd6+ 112. Kg6 Bc3 113. Ng5 Bb2 114. Nf7 Ne8 115. Kf5 Ng7+ 116. Kg6 Ke6 117. Ng5+ Ke7 118. Ne4 Ne6 119. Kf5 1/2-1/2

[Event "Online Olym Div2 A"]
[Site "Chess.com INT"]
[Date "2020.08.16"]
[Round "8.2"]
[White "Ly, Moulthun"]
[Black "Wagner, Dennis"]
[Result "1/2-1/2"]
[WhiteElo "2479"]
[BlackElo "2581"]
[PlyCount "125"]
[EventDate "2020.08.14"]
[EventType "team-tourn (rapid)"]
[EventRounds "9"]
[EventCountry "USA"]
[SourceTitle "CBM 198"]
[Source "ChessBase"]
[SourceDate "2020.10.31"]
[SourceVersion "1"]
[SourceVersionDate "2020.10.31"]
[SourceQuality "1"]
[WhiteTeam "Australia"]
[BlackTeam "Germany"]
[WhiteTeamCountry "AUS"]
[BlackTeamCountry "GER"]

1. d4 Nf6 2. c4 g6 3. Nc3 d5 4. Bf4 Bg7 5. e3 0-0 6. Rc1 Be6 7. cxd5 Nxd5 8. Nxd5 Bxd5 9. Bxc7 Qd7 10. Nf3 Nc6 11. Bg3 Rfd8 12. Bb5 Rac8 13. 0-0 a6 14. Ba4 Bxa2 15. Bb3 Bxb3 16. Qxb3 b5 17. h3 e6 18. Rc3 Na5 19. Qa2 Nc4 20. Rfc1 Qb7 21. b3 Nd6 22. Rxc8 Rxc8 23. Rxc8+ Nxc8 24. Qa5 Nb6 25. Bd6 Bf6 26. Bc5 Nd7 27. Bb4 h5 28. Nd2 Qc6 29. Qa1 Kh7 30. Qb1 Nb6 31. Ne4 Bg7 32. h4 Nd5 33. Bc5 Kg8 34. g3 a5 35. Qd3 Nf6 36. Nd6 b4 37. Nc4 a4 38. Ne5 Qa8 39. bxa4 Qxa4 40. Qc4 Bf8 41. Bxf8 Kxf8 42. Qc7 Qe8 43. Qb7 Nd5 44. e4 Nf6 45. Qxb4+ Kg7 46. f3 Qc8 47. Nd3 Qc2 48. Nf2 Qe2 49. Kg2 Nd7 50. Qd6 Qb5 51. g4 hxg4 52. Nxg4 Qe2+ 53. Nf2 Qb5 54. Kg3 Nf6 55. Qe5 Qf1 56. Nh3 Qe1+ 57. Kg2 Qxh4 58. Ng5 Qe1 59. Nh3 Qe2+ 60. Kg3 Qe1+ 61. Kg2 Qe2+ 62. Nf2 Qd2 63. Kg3 1/2-1/2

[Event "Titled Tuesday intern op 30th June"]
[Site "Chess.com INT"]
[Date "2020.06.30"]
[Round "4"]
[White "Klekowski, Maciej"]
[Black "Ly, Moulthun"]
[Result "1-0"]
[WhiteElo "2506"]
[BlackElo "2484"]
[PlyCount "119"]
[EventDate "2020.06.30"]
[EventType "swiss (blitz)"]
[EventRounds "10"]
[EventCountry "USA"]
[SourceTitle "CBM 197 Extra"]
[Source "ChessBase"]
[SourceDate "2020.09.30"]
[SourceVersion "1"]
[SourceVersionDate "2020.09.30"]
[SourceQuality "1"]

1. e4 c6 2. d4 d5 3. e5 Bf5 4. Nf3 e6 5. Be2 Nd7 6. Nbd2 Bg6 7. Nb3 Nh6 8. a4 Nf5 9. 0-0 Be7 10. Ne1 a6 11. Nd3 Qc7 12. f4 c5 13. dxc5 Nxc5 14. Ndxc5 Bxc5+ 15. Nxc5 Qxc5+ 16. Kh1 h5 17. Bd3 h4 18. Bxf5 Bxf5 19. h3 Qxc2 20. Qxc2 Bxc2 21. Be3 Be4 22. Rfc1 Kd7 23. Ra3 Rac8 24. Rac3 Rhg8 25. Rxc8 Rxc8 26. Rxc8 Kxc8 27. Bf2 Kc7 28. Bxh4 Kc6 29. Be7 d4 30. Kg1 Kd5 31. Kf2 d3 32. g4 Kd4 33. Bb4 Bc6 34. a5 Ba4 35. Bc3+ Ke4 36. Bd2 Bd1 37. Kg3 Be2 38. h4 g6 39. Bc1 Bd1 40. Bd2 Kd4 41. g5 Kc4 42. Kf2 Kb3 43. Ke3 Be2 44. Be1 Kxb2 45. Kd2 Kb3 46. Bf2 Kb4 47. Bb6 Kc4 48. Bd8 Kd5 49. Ke3 Kc4 50. Kd2 Kd4 51. Bb6+ Ke4 52. Be3 Kf3 53. h5 gxh5 54. f5 h4 55. fxe6 fxe6 56. g6 h3 57. g7 h2 58. g8Q h1Q 59. Qf7+ Ke4 60. Qxb7+ 1-0

[Event "Titled Tuesday intern op 30th June"]
[Site "Chess.com INT"]
[Date "2020.06.30"]
[Round "2"]
[White "Ly, Moulthun"]
[Black "Nguyen, Hong Anh1"]
[Result "1-0"]
[WhiteElo "2484"]
[BlackElo "1970"]
[PlyCount "55"]
[EventDate "2020.06.30"]
[EventType "swiss (blitz)"]
[EventRounds "10"]
[EventCountry "USA"]
[SourceTitle "CBM 197 Extra"]
[Source "ChessBase"]
[SourceDate "2020.09.30"]
[SourceVersion "1"]
[SourceVersionDate "2020.09.30"]
[SourceQuality "1"]

1. e4 c5 2. Nf3 Nc6 3. Bb5 g6 4. 0-0 Bg7 5. Re1 Nf6 6. c3 0-0 7. h3 d5 8. e5 Ne8 9. d4 cxd4 10. cxd4 Nc7 11. Bf1 Bf5 12. Nc3 Rc8 13. Be3 Na5 14. Rc1 Nc4 15. Bxc4 dxc4 16. Qa4 Nd5 17. Qxa7 Ra8 18. Qxb7 Nxc3 19. bxc3 Rxa2 20. Bg5 Re8 21. Rcd1 Bd3 22. d5 h6 23. Bh4 g5 24. Bg3 Ra5 25. d6 exd6 26. exd6 Be2 27. d7 Re7 28. Qc8 1-0

[Event "Begonia op 54th"]
[Site "Ballarat"]
[Date "2020.03.08"]
[Round "3"]
[White "Ly, Moulthun"]
[Black "Sheldrick, Kevin"]
[Result "1-0"]
[WhiteElo "2479"]
[BlackElo "2037"]
[PlyCount "77"]
[EventDate "2020.03.07"]
[EventType "swiss"]
[EventRounds "7"]
[EventCountry "AUS"]
[SourceTitle "CBM 195 Extra"]
[Source "ChessBase"]
[SourceDate "2020.05.31"]
[SourceVersion "1"]
[SourceVersionDate "2020.05.31"]
[SourceQuality "1"]

1. e4 Nf6 2. e5 Nd5 3. d4 d6 4. Nf3 dxe5 5. Nxe5 g6 6. Bc4 c6 7. 0-0 Be6 8. Re1 Bg7 9. Nd2 Nd7 10. Nef3 N7b6 11. Bf1 0-0 12. h3 Qc7 13. c3 c5 14. Nb3 cxd4 15. Nbxd4 Bc8 16. Qb3 e5 17. Nb5 Qb8 18. c4 Ne7 19. Be3 Nd7 20. Qa3 Nc6 21. Rad1 Re8 22. c5 h6 23. Nd6 Re7 24. b4 e4 25. Nd2 f5 26. b5 Nd4 27. Nxc8 Qxc8 28. c6 Rf7 29. cxd7 Rxd7 30. Nc4 Kh7 31. Qa4 Qf8 32. Ne5 Bxe5 33. Bxd4 Bc7 34. b6 Rxd4 35. Qxd4 Bxb6 36. Qb2 Rd8 37. Bc4 Rxd1 38. Rxd1 Qe7 39. Bb5 1-0

[Event "Bangkok Cha Am op 19th"]
[Site "Bangkok"]
[Date "2019.04.14"]
[Round "9"]
[White "Habla, Jony"]
[Black "Ly, Moulthun"]
[Result "0-1"]
[WhiteElo "2146"]
[BlackElo "2490"]
[PlyCount "148"]
[EventDate "2019.04.06"]
[EventType "swiss"]
[EventRounds "9"]
[EventCountry "THA"]
[SourceTitle "CBM 189 Extra"]
[Source "ChessBase"]
[SourceDate "2019.05.31"]
[SourceVersion "1"]
[SourceVersionDate "2019.05.31"]
[SourceQuality "1"]

1. d4 g6 2. c4 Bg7 3. Nc3 d6 4. e4 Nf6 5. h3 0-0 6. Nf3 e5 7. d5 Na6 8. Bg5 Qe8 9. Be2 Nh5 10. g3 f5 11. exf5 gxf5 12. Nh4 Nf6 13. Qc2 Nb4 14. Qd2 a5 15. a3 Na6 16. Qc2 Nc5 17. Be3 e4 18. Ng2 Nfd7 19. Nf4 Ne5 20. Rd1 Bd7 21. 0-0 Ng6 22. Bh5 Be5 23. Kh1 Qf7 24. Rg1 Qg7 25. Qe2 Kh8 26. Nb5 c6 27. Nc3 Rf7 28. Rg2 Rg8 29. Rdg1 Qf6 30. Bxg6 hxg6 31. h4 Rh7 32. Rh2 Nb3 33. Qd1 Nd4 34. Bxd4 Bxd4 35. Nh3 e3 36. fxe3 Bxe3 37. Rf1 Re7 38. Qf3 Rge8 39. Re2 Bd4 40. Rfe1 Rxe2 41. Rxe2 Rxe2 42. Qxe2 Qe5 43. Nf4 Kg7 44. Kg2 Kf7 45. Qd3 Be3 46. Nfe2 Bc5 47. a4 Be3 48. Kf3 Bh6 49. Kf2 Ke7 50. Kf3 Kd8 51. Kf2 Kc7 52. b3 f4 53. gxf4 Bxf4 54. Qe4 Qxe4 55. Nxe4 Be5 56. Kf3 Bf5 57. Nf4 Kb6 58. Ke3 Bxf4+ 59. Kxf4 cxd5 60. Nxd6 Bc2 61. cxd5 Bxb3 62. Ke5 Bxa4 63. Nc4+ Kb5 64. Nb2 Bb3 65. Nd3 b6 66. Kd4 a4 67. d6 Kc6 68. Ne5+ Kxd6 69. Nxg6 b5 70. Nf4 a3 71. Kc3 Bc4 72. h5 b4+ 73. Kc2 b3+ 74. Kc3 b2 0-1

[Event "Bangkok Cha Am op 19th"]
[Site "Bangkok"]
[Date "2019.04.09"]
[Round "4"]
[White "Ly, Moulthun"]
[Black "Neelash, Saha"]
[Result "1/2-1/2"]
[WhiteElo "2490"]
[BlackElo "2303"]
[PlyCount "74"]
[EventDate "2019.04.06"]
[EventType "swiss"]
[EventRounds "9"]
[EventCountry "THA"]
[SourceTitle "CBM 189 Extra"]
[Source "ChessBase"]
[SourceDate "2019.05.31"]
[SourceVersion "1"]
[SourceVersionDate "2019.05.31"]
[SourceQuality "1"]

1. d4 Nf6 2. c4 c5 3. d5 e6 4. Nc3 exd5 5. cxd5 d6 6. Nf3 g6 7. h3 Bg7 8. e4 0-0 9. Bd3 Nbd7 10. 0-0 Ne8 11. Bg5 f6 12. Be3 Ne5 13. Nxe5 fxe5 14. Rb1 Bd7 15. b4 Qc8 16. bxc5 dxc5 17. Bb5 Bxb5 18. Nxb5 a6 19. d6 axb5 20. d7 Qc6 21. d8Q Rxd8 22. Qxd8 Nd6 23. Qe7 Re8 24. Qh4 Nxe4 25. Rbc1 b6 26. Bh6 Bf6 27. Qg4 Nd6 28. Rcd1 Nf5 29. Be3 e4 30. Rd2 Bc3 31. Rc2 Bd4 32. Bxd4 Nxd4 33. Rd2 Qd5 34. Kh1 Kg7 35. Re1 Re7 36. Re3 Qc4 37. Rxe4 Rxe4 1/2-1/2

[Event "Bangkok Cha Am op 19th"]
[Site "Bangkok"]
[Date "2019.04.06"]
[Round "1"]
[White "Frost, Peter"]
[Black "Ly, Moulthun"]
[Result "0-1"]
[WhiteElo "1810"]
[BlackElo "2490"]
[PlyCount "72"]
[EventDate "2019.04.06"]
[EventType "swiss"]
[EventRounds "9"]
[EventCountry "THA"]
[SourceTitle "CBM 189 Extra"]
[Source "ChessBase"]
[SourceDate "2019.05.31"]
[SourceVersion "1"]
[SourceVersionDate "2019.05.31"]
[SourceQuality "1"]

1. b3 d5 2. Bb2 Nf6 3. e3 Bf5 4. Nf3 e6 5. c4 c6 6. Be2 h6 7. cxd5 exd5 8. 0-0 Be7 9. d4 Nbd7 10. Nbd2 0-0 11. Ne5 a5 12. Kh1 a4 13. Nxd7 Nxd7 14. Nf3 Qa5 15. Bd3 Be4 16. Rc1 axb3 17. axb3 Nf6 18. Ra1 Qb4 19. Qc2 Bxd3 20. Qxd3 Ne4 21. Kg1 Bf6 22. Ne5 Bxe5 23. dxe5 Qd2 24. Qb1 Qe2 25. Bc1 Rfe8 26. f3 Nd2 27. Bxd2 Qxd2 28. Qc1 Qd3 29. Rxa8 Rxa8 30. b4 Ra2 31. Rf2 Ra3 32. f4 Rb3 33. Rf1 Qe4 34. Re1 Rxb4 35. h3 Rc4 36. Qb1 Rc2 0-1